|
|
|
|
| LEADER |
00000cam a2200000 7i4500 |
| 001 |
0000003854 |
| 005 |
20110801.0 |
| 020 |
0 |
0 |
|a 0851990029
|
| 090 |
0 |
0 |
|a 634.92
|b INNE 2005
|
| 245 |
1 |
0 |
|a Forestry and environmental change: :
|b socioeconomi and political dimensions : report no.5 of the IUFRO Task Force on environmental change
|c edited by J.L. Innes and G.M.Hickey & H.F. Hoen
|
| 260 |
0 |
0 |
|a Wallingford :
|b CAB International ,
|c 2005
|
| 300 |
|
|
|a vii, 265 p. :
|b ill ;
|c 24 cm.
|
| 490 |
0 |
0 |
|a IUFRO research series 11
|
| 504 |
0 |
0 |
|a Includes bibliographical references
|
| 650 |
0 |
0 |
|a forest management
|
| 650 |
0 |
0 |
|a forests and forestry---environmental aspects
|
| 650 |
0 |
0 |
|a Forests and forestry---social aspects
|
| 700 |
0 |
1 |
|a Hickey, Gordon M
|
| 700 |
0 |
1 |
|a Hoen, Hans Fredrik
|
| 700 |
0 |
1 |
|a Innes, John L
|
| 998 |
|
|
|a JPSM
|
| 999 |
|
|
|a 007398
|b Monograph
|c Open Shelf
|e Default branch
|